000 00921nam a2200241 a 4500
001 41082
003 BD-RjUL
005 20211209053327.0
008 160514s2006 bg ||||| |||| 00| 0 ben d
020 _c: Tk. 120.00
035 _a(BD-RjUL) 41198
040 _aBD-RjUL
_bben
_cBD-RjUL
041 _aben
082 _223
_aB 891.441
_bHIM 2010
245 0 0 _aহিমালয় কনিষ্ঠা /
_cআলী ছায়েদ, সম্পাদক
260 _aপঞ্চগড় :
_bধূমকেতু সাহিত্য পরিষদ,
_c২০১০
300 _a৮৮ পৃ. :
_bচিত্র ;
_c২১ সেমি.
500 _a'পঞ্চগড় কবিতা উৎসব' ১৪১৭'
650 _aবাংলা কবিতা
_9126387
650 _aBengali Poetry
_9126388
700 _aছায়েদ, আলী, সম্পাদক
_9126389
942 _2ddc
_cBK
999 _c41082
_d41082